Catholic University of Zimbabwe Library
Online Public Access Catalogue
(OPAC)

Writing Lives (Record no. 9270)

MARC details
000 -LEADER
fixed length control field 00354 a2200133 4500
020 ## - INTERNATIONAL STANDARD BOOK NUMBER
International Standard Book Number 9781779222701
005 - DATE AND TIME OF LATEST TRANSACTION
control field 20191017172721.0
084 ## - OTHER CLASSIFICATION NUMBER
Classification number MLCS 2013/01353 (P)
245 ## - TITLE STATEMENT
Title Writing Lives
Medium print
260 ## - PUBLICATION, DISTRIBUTION, ETC.
Place of publication, distribution, etc. rh
Date of publication, distribution, etc. 2013
300 ## - PHYSICAL DESCRIPTION
Extent ix, 96 pages
Other physical details 21 cm
Dimensions ix, 96 pages ; 21 cm
500 ## - GENERAL NOTE
General note edited by Irene Staunton.
650 ## - SUBJECT ADDED ENTRY--TOPICAL TERM
Topical term or geographic name entry element ENGLISH LITERATURE
700 ## - ADDED ENTRY--PERSONAL NAME
Personal name Staunton, Irene

No items available.

OPENING HOURS

Weekdays: 0815hrs - 1800hrs
Weekends:0900hrs - 1200hrs

Closed for Mass:

Mon, Thur: 1200hrs - 1300hrs
Sunday & Public Holiday’s

CALL SUPPORT

0242-570570, 0242-570169
09200664, +263 8644140602

LOCATION

18443, Cranborne Avenue, Hatfield, Harare

Other Links


©2021 | CUZ Library